Á lódáil...

Flora of British India V.VI

Sonraí Bibleagrafaíochta
Príomhúdar: Hooker, J D
Formáid: Printed Book
Teanga:Undetermined
English
Foilsithe: London Reeve and Co 1894
Ábhair:
LEADER 00489nam a2200157Ia 4500
008 140306s9999 xx 000 0 und d
041 |a eng 
082 |a 580  |b HOO/FL 
100 |a Hooker, J D 
245 |a Flora of British India V.VI 
260 |a London  |b Reeve and Co  |c 1894 
300 |a 792 
650 |a Botany 
942 |2 ddc  |c BK 
999 |c 117279  |d 117279 
952 |0 0  |1 0  |2 ddc  |4 0  |6 580_000000000000000_HOOFL  |7 0  |9 116153  |a KAUHCV  |b KAUHCV  |d 2004-04-28  |o 580 HOO/FL  |p KAU_HCV-4397  |r 2014-03-22  |w 2014-03-22  |y BK